Western investor.

Issues for spring, 19 - usually include Annual report.

Bibliographic Details
New Title:OTC review (OCoLC)3032863
Previous Title:Northwest stock guide
Format: Journal
Language:English
Published: [Portland, Or.] : [Willamette Management Associates, Inc.], [©1983-©1989]
Subjects:
Online Availability: Check for online availability

MARC

Tag First Indicator Second Indicator Subfields
LEADER 00000cas a2200000 a 4500
001 in00000562002
005 20151014070259.0
008 830204d19831989oruqr1p 0uuua0eng d
010 |a sn 83001670  
022 0 |a 0745-4635  |9 0147-2410 
035 |a (OCoLC)09188720 
035 |9 ACN9126AM 
040 |a NSD  |c NSD  |d NST  |d TXA  |d UtOrBLW 
042 |a nsdp 
049 |a TXAE 
090 |a HG4501  |b .W4 
210 0 |a West. invest. 
222 0 |a Western investor 
245 0 0 |a Western investor. 
246 3 0 |a Western investor annual report 
264 1 |a [Portland, Or.] :  |b [Willamette Management Associates, Inc.],  |c [©1983-©1989] 
300 |a 18 volumes :  |b illustrations ; c 28 cm. 
310 |a Quarterly 
336 |a text  |b txt  |2 rdacontent 
337 |a unmediated  |b n  |2 rdamedia 
338 |a volume  |b nc  |2 rdacarrier 
362 0 |a Vol. 12, no. 1 (winter 1983)-v. 18, no. 4 (fall 1989). 
500 |a Title from cover. 
520 |a Issues for spring, 19 - usually include Annual report. 
580 |a Absorbed by: OTC review 
650 0 |a Investments  |z Northwestern States  |x Periodicals. 
650 0 |a Investment analysis  |v Periodicals. 
650 0 |a Securities  |v Periodicals. 
780 0 0 |t Northwest stock guide  |x 0147-2410 
785 1 4 |t OTC review (OCoLC)3032863 
999 |a MARS 
999 f f |s 0e66e734-5910-39cf-a2c9-4342b0f20758  |i d0efdd4c-b6de-32e4-a5b5-373f176e3a77  |t 0 
952 f f |p ric  |a Texas A&M University  |b Rellis Campus  |c Joint Library Facility  |d Remote Storage  |t 0  |e HG4501 .W4  |h Library of Congress classification  |i unmediated -- volume  |k v.14  |l 1985  |m A14852593913 
952 f f |p ric  |a Texas A&M University  |b Rellis Campus  |c Joint Library Facility  |d Remote Storage  |t 0  |e HG4501 .W4  |h Library of Congress classification  |i unmediated -- volume  |k v.13  |l 1984  |m A14852593921 
952 f f |p ric  |a Texas A&M University  |b Rellis Campus  |c Joint Library Facility  |d Remote Storage  |t 0  |e HG4501 .W4  |h Library of Congress classification  |i unmediated -- volume  |k v.18  |l 1989  |m A14812930470 
952 f f |p ric  |a Texas A&M University  |b Rellis Campus  |c Joint Library Facility  |d Remote Storage  |t 0  |e HG4501 .W4  |h Library of Congress classification  |i unmediated -- volume  |k v.15  |l 1986  |m A14852593905 
952 f f |p ric  |a Texas A&M University  |b Rellis Campus  |c Joint Library Facility  |d Remote Storage  |t 0  |e HG4501 .W4  |h Library of Congress classification  |i unmediated -- volume  |k v.17  |l 1988  |m A14812021190 
952 f f |p ric  |a Texas A&M University  |b Rellis Campus  |c Joint Library Facility  |d Remote Storage  |t 0  |e HG4501 .W4  |h Library of Congress classification  |i unmediated -- volume  |k v.16  |l 1987  |m A14852593897 
998 f f |a HG4501 .W4  |s v.13 (1984)-v.18 (1989)  |t 0  |l Remote Storage